00418nam a2200145Ia 4500008004100000082001500041100001800056245003800074300001400112300002800126300002400154300001800178630003800196730003800234161109s9999||||xx |||||||||||||| ||und|| bBORI-66848 aV / Veena Das aAspects of Hindu Caste and Ritual bVeena Das cStructure and Cognition eDharmashastra Study fDharmashastra aAspects of Hindu Caste and Ritual aAspects of Hindu Caste and Ritual